| 000 | 01749cam a2200433 i 4500 | ||
|---|---|---|---|
| 999 |
_c3571 _d3571 |
||
| 001 | 18169602 | ||
| 003 | GZU | ||
| 005 | 20201202114033.0 | ||
| 008 | 140530s2014 enka b 001 0 eng | ||
| 010 | _a 2014019971 | ||
| 020 | _a9780230222465 (hardback) | ||
| 040 |
_aDLC _beng _cDLC _erda |
||
| 042 | _apcc | ||
| 043 | _aa-cc--- | ||
| 050 | 0 | 0 |
_aHD70.C5 _bLI-H 2014 |
| 082 | 0 | 0 |
_a338.8/8951 _223 |
| 084 |
_aBUS026000 _aBUS077000 _aBUS035000 _aBUS041000 _aBUS063000 _2bisacsh |
||
| 100 | 1 |
_aLi-Hua, Richard, _d1958- |
|
| 245 | 1 | 0 |
_aCompetitiveness of Chinese firms : _bWest meets East / _cRichard Li-Hua SIAS International University, P.R. China. |
| 264 | 1 |
_aBasingstoke, Hampshire ; _aNew York, NY : _bPalgrave Macmillan, _c2014. |
|
| 300 |
_axxii, 180 pages ; _billustration : _c23 cm. |
||
| 336 |
_atext _2rdacontent |
||
| 337 |
_aunmediated _2rdamedia |
||
| 338 |
_avolume _2rdacarrier |
||
| 504 | _aIncludes bibliographical references and index. | ||
| 650 | 0 |
_aCompetition _zChina. |
|
| 650 | 0 |
_aManagement _zChina. |
|
| 650 | 0 |
_aStrategic planning _zChina. |
|
| 650 | 0 |
_aInternational business enterprises _zChina. |
|
| 650 | 7 |
_aBUSINESS & ECONOMICS / Exports & Imports. _2bisacsh |
|
| 650 | 7 |
_aBUSINESS & ECONOMICS / Corporate & Business History. _2bisacsh |
|
| 650 | 7 |
_aBUSINESS & ECONOMICS / International / General. _2bisacsh |
|
| 650 | 7 |
_aBUSINESS & ECONOMICS / Management. _2bisacsh |
|
| 650 | 7 |
_aBUSINESS & ECONOMICS / Strategic Planning. _2bisacsh |
|
| 651 | 0 |
_aChina _xCommerce. |
|
| 906 |
_a7 _bcbc _corignew _d1 _eecip _f20 _gy-gencatlg |
||
| 942 |
_2lcc _cBK _h70.C5 _iLI-H _kHD |
||